| 000 | 00386nam a22001577a 4500 | ||
|---|---|---|---|
| 020 | _a950679216 X | ||
| 080 | _a343.26 N 462 | ||
| 100 | _aNeuman, Elìas | ||
| 245 | _aEl Problema sexual en las Càrceles | ||
| 250 | _a3ª Ed. reestruc. y amp. | ||
| 260 |
_aBuenos Aires _bUniversidad _c1997 |
||
| 300 | _a190 P. | ||
| 650 | _xcriminologìa | ||
| 945 |
_acd _d2015-04-13 |
||
| 999 |
_c3720 _d234224 |
||
| 942 | _6_ | ||